European Big Five 2025/26 First XI - Statistics

General Stats
  • This quiz has been taken 108 times
  • The average score is 310 of 1056
Answer Stats
Club Position Nationality Player % Correct
Bayern Munich FW Harry Kane
97%
Real Madrid RW Brahim Díaz
95%
Bayern Munich LW Luis Díaz
95%
Wolverhampton GK José Sá
92%
Bayern Munich DM Joshua Kimmich
92%
Rayo Vallecano AM Pedro Díaz
92%
Bayern Munich GK Manuel Neuer
90%
Bayern Munich RW Michael Olise
90%
Bayern Munich CB Dayot Upamecano
89%
Athletic Bilbao RW Iñaki Williams
87%
Nottingham Forest LB Neco Williams
87%
Athletic Bilbao LW Nico Williams
87%
Real Madrid FW Kylian Mbappé
84%
Bayern Munich DM Leon Goretzka
84%
Genoa LB Aarón Martín
82%
Bayern Munich RB Konrad Laimer
82%
Getafe CM Mario Martín
82%
Bayer Leverkusen CM Aleix García
80%
RB Leipzig GK Péter Gulácsi
80%
Athletic Bilbao GK Unai Simón
80%
Real Madrid LW Vinicius Júnior
80%
Rayo Vallecano LW Álvaro García
79%
Real Madrid LM Arda Güler
79%
Manchester United CM Bruno Fernandes
79%
Barcelona RB Eric García
79%
Barcelona GK Joan García
79%
Juventus FW Jonathan David
79%
Valencia CM José Luis García Vayá
79%
Paris LM Moses Simon
79%
Bayer Leverkusen FW Patrik Schick
79%
Barcelona DM Pedri
79%
Barcelona LW Raphinha
79%
Osasuna AM Rubén García
79%
Real Madrid GK Thibaut Courtois
79%
Levante RM Víctor García
79%
Real Madrid RM Federico Valverde
77%
Barcelona DM Frenkie de Jong
77%
Barcelona RW Lamine Yamal
77%
RB Leipzig FW Loïs Openda
77%
Chelsea GK Robert Sánchez
77%
Mallorca RB Antonio Sánchez
75%
Real Madrid CM Aurélien Tchouaméni
75%
Hamburger SV GK Daniel Heuer Fernandes
75%
Chelsea DM Enzo Fernández
75%
Manchester City FW Erling Haaland
75%
Sevilla RB Juanlu Sánchez
75%
Inter FW Lautaro Martínez
75%
Levante LB Manu Sánchez
75%
Real Madrid RB Trent Alexander-Arnold
75%
Girona RB Arnau Martinez
74%
Real Madrid CB Éder Militão
74%
Barcelona FW Ferrán Torres
74%
Borussia Dortmund GK Gregor Kobel
74%
Atlético Madrid GK Jan Oblak
74%
Atlético Madrid FW Julián Álvarez
74%
Inter FW Marcus Thuram
74%
Levante CM Pablo Martínez
74%
Mallorca AM Pablo Torre
74%
Alavés FW Toni Martínez
74%
RB Leipzig CB Willi Orban
74%
Inter GK Yann Sommer
74%
Manchester City LM Bernardo Silva
72%
Arsenal CB Gabriel Magalhães
72%
Juventus CM Khéphren Thuram
72%
Chelsea DM Moisés Caicedo
72%
Chelsea RB Reece James
72%
Espanyol FW Roberto Férnandez
72%
Barcelona CB Ronald Araújo
72%
Bayern Munich AM Serge Gnabry
72%
Borussia Dortmund FW Serhou Guirassy
72%
Liverpool GK Alisson
70%
Nantes LM Bahereba Guirassy
70%
Arsenal RW Bukayo Saka
70%
Tottenham CB Cristian Romero
70%
Leeds United RW Daniel James
70%
Bayer Leverkusen CB Edmond Tapsoba
70%
Paris Saint-Germain FW Gonçalo Ramos
70%
Lorient CB Igor Carioca
70%
Levante FW Iván Romero
70%
Manchester City LW Jeremy Doku
70%
Chelsea FW João Pedro
70%
Everton GK Jordan Pickford
70%
Juventus AM Kenan Yıldız
70%
Paris Saint-Germain RM Lee Kang-in
70%
Arsenal RM Martin Ødegaard
70%
Bayer Leverkusen CB Piero Hincapié
70%
Tottenham FW Richarlison
70%
Manchester City CB Rúben Dias
70%
Strasbourg CM Valentín Barco
70%
Arsenal FW Viktor Gyökeres
70%
Barcelona LB Alejandro Balde
69%
Espanyol LB Carlos Romero
69%
Milan FW Christian Pulisic
69%
Chelsea AM Cole Palmer
69%
Arsenal GK David Raya
69%
Paris Saint-Germain LM Fabián Ruiz Peña
69%
Tottenham GK Guglielmo Vicario
69%
Bayern Munich CB Jonathan Tah
69%
Stade Brest LW Mama Samba Baldé
69%
Liverpool RW Mohamed Salah
69%
Chelsea RW Pedro Neto
69%
Inter CB Alessandro Bastoni
67%
Liverpool DM Alexis Mac Allister
67%
Hellas Verona FW Amin Sarr
67%
Paris Saint-Germain LW Bradley Barcola
67%
Tottenham LW Brennan Johnson
67%
Liverpool LW Cody Gakpo
67%
Liverpool AM Florian Wirtz
67%
Arsenal LW Gabriel Martinelli
67%
Liverpool CB Ibrahima Konaté
67%
Crystal Palace AM Ismaila Sarr
67%
Crystal Palace FW Jean-Philippe Mateta
67%
Lens CB Malang Sarr
67%
Strasbourg CB Mamadou Sarr
67%
Chelsea LB Marc Cucurella
67%
Borussia Dortmund CM Marcel Sabitzer
67%
Manchester United CB Matthijs de Ligt
67%
Aston Villa RB Matty Cash
67%
Tottenham CB Micky van de Ven
67%
Liverpool LB Milos Kerkez
67%
Tottenham RW Mohammed Kudus
67%
Manchester City CM Nicolás González
67%
Napoli LM Scott McTominay
67%
Real Sociedad RW Takefusa Kubo
67%
Liverpool CB Virgil van Dijk
67%
Arsenal CB William Saliba
67%
Inter WB Denzel Dumfries
66%
Manchester United WB Diogo Dalot
66%
Liverpool DM Dominik Szoboszlai
66%
Barcelona AM Fermin López
66%
Liverpool FW Hugo Ekitike
66%
Liverpool RB Jeremie Frimpong
66%
FSV Mainz 05 AM Lee Jae-sung
66%
Arsenal CM Martín Zubimendi
66%
Manchester United FW Matheus Cunha
66%
Milan GK Mike Maignan
66%
Newcastle United GK Nick Pope
66%
Aston Villa FW Ollie Watkins
66%
Manchester City RW Oscar Bobb
66%
Real Betis LB Ricardo Rodríguez
66%
Arsenal LB Riccardo Calafiori
66%
Paris Saint-Germain CM Vitinha
66%
Bayer Leverkusen WB Álex Grimaldo
64%
Elche FW Álvaro Rodríguez
64%
Napoli CM Andre-Frank Zambo Anguissa
64%
Newcastle United RM Bruno Guimarães
64%
Manchester United AM Bryan Mbeumo
64%
Nottingham Forest FW Chris Wood
64%
West Ham CM Guido Rodríguez
64%
Inter CM Henrikh Mkhitaryan
64%
Celta de Vigo CB Javi Rodríguez
64%
Como LW Jesus Rodríguez
64%
Napoli CM Kevin De Bruyne
64%
Newcastle United RB Kieran Trippier
64%
Aston Villa LB Lucas Digne
64%
Newcastle United CM Sandro Tonali
64%
Milan CB Strahinja Pavlović
64%
Lecce CB Tiago Gabriel
64%
Manchester City RM Tijjani Reijnders
64%
RB Leipzig LM Xavi Simons
64%
Aston Villa DM Amadou Onana
62%
Arsenal RB Ben White
62%
Fulham GK Bernd Leno
62%
Manchester United CM Casemiro
62%
Girona CB David López
62%
Valencia LM Diego López
62%
Borussia Dortmund AM Jobe Bellingham
62%
Bayern Munich LB Josip Stanišić
62%
Brighton LW Kaoru Mitoma
62%
Manchester United CB Leny Yoro
62%
Nottingham Forest GK Matz Sels
62%
Paris CM Maxime Lopez
62%
Inter CM Nicolò Barella
62%
Barcelona CB Pau Cubarsí
62%
Real Betis GK Pau López
62%
Borussia Dortmund CB Ramy Bensebaini
62%
Rayo Vallecano DM Unai López
62%
Marseille DM Angel Gomes
61%
Real Betis FW Cucho
61%
Real Madrid CB Dean Huijsen
61%
Arsenal LM Declan Rice
61%
Newcastle United CB Fabian Schär
61%
Inter WB Federico Dimarco
61%
Napoli RB Giovanni Di Lorenzo
61%
Torino FW Giovanni Simeone
61%
Atlético Madrid RW Giuliano Simeone
61%
Juventus CB Gleison Bremer
61%
Celta de Vigo RW Iago Aspas
61%
Wolverhampton CM João Gomes
61%
Newcastle United LM Joelinton
61%
Manchester City CB John Stones
61%
Juventus CM Manuel Locatelli
61%
Fiorentina FW Moise Kean
61%
Villarreal CM Pape Gueye
61%
Tottenham RB Pedro Porro
61%
Milan CM Ruben Loftus-Cheek
61%
Napoli DM Stanislav Lobotka
61%
Wolverhampton CB Toti Gomes
61%
Aston Villa AM Youri Tielemans
61%
Newcastle United FW Anthony Gordon
59%
Lorient GK Bingourou Kamara
59%
Aston Villa DM Boubacar Kamara
59%
Crystal Palace WB Daniel Muñoz
59%
Crystal Palace AM Eberechi Eze
59%
Milan CB Fikayo Tomori
59%
Inter CB Francesco Acerbi
59%
Paris Saint-Germain LB Lucas Hernández
59%
Crystal Palace CB Marc Guéhi
59%
Fulham FW Raúl Jiménez
59%
Manchester City RB Rico Lewis
59%
Bournemouth RB Adam Smith
57%
Real Sociedad LB Aihen Muñoz
57%
Sevilla FW Akor Adams
57%
Newcastle United RW Anthony Elanga
57%
Everton FW Beto
57%
St. Pauli CB Eric Smith
57%
Werder Bremen LB Felix Agu
57%
Sunderland CM Granit Xhaka
57%
Manchester City GK James Trafford
57%
West Ham FW Jarrod Bowen
57%
Milan CM Luka Modrić
57%
Manchester City LB Rayan Aït-Nouri
57%
Bournemouth DM Tyler Adams
57%
Inter CB Benjamin Pavard
56%
RB Leipzig CB Castello Lukeba
56%
Atlético Madrid DM Conor Gallagher
56%
Crystal Palace GK Dean Henderson
56%
Aston Villa CB Ezri Konsa
56%
Paris Saint-Germain CB Illia Zabarnyi
56%
Aston Villa RW John McGinn
56%
Paris Saint-Germain GK Lucas Chevalier
56%
Manchester United CB Luke Shaw
56%
Marseille RW Mason Greenwood
56%
West Ham FW Niclas Füllkrug
56%
Manchester United WB Patrick Dorgu
56%
Milan FW Santiago Giménez
56%
Napoli GK Alex Meret
54%
Manchester United GK Altay Bayındır
54%
Lyon FW Georges Mikautadze
54%
Everton CB James Tarkowski
54%
West Ham AM Lucas Paquetá
54%
Monaco GK Lukáš Hrádecký
54%
Nottingham Forest CB Nikola Milenković
54%
Milan WB Pervis Estupiñán
54%
Aston Villa CB Tyrone Mings
54%
Monaco LW Aleksandr Golovin
52%
Fulham RW Harry Wilson
52%
Everton LW Iliman Ndiaye
52%
Tottenham LM Lucas Bergvall
52%
Atlético Madrid RB Marcos Llorente
52%
Atalanta CM Marten de Roon
52%
Manchester United AM Mason Mount
52%
Marseille CM Michael Amir Murillo
52%
Real Sociedad FW Mikel Oyarzabal
52%
Nottingham Forest CB Murillo
52%
Le Havre CM Rassoul Ndiaye
52%
Chelsea CB Trevoh Chalobah
52%
Cagliari CB Yerry Mina
52%
Crystal Palace CM Adam Wharton
51%
Fulham LW Alex Iwobi
51%
Brighton GK Bart Verbruggen
51%
Newcastle United CB Dan Burn
51%
RB Leipzig LB David Raum
51%
Juventus AM Francisco Conceição
51%
Marseille LB Geoffrey Kondogbia
51%
Bayer Leverkusen CB Jarell Quansah
51%
Fulham CB Joachim Andersen
51%
Lyon LW Malick Fofana
51%
Bayer Leverkusen GK Mark Flekken
51%
VfL Wolfsburg DM Maximilian Arnold
51%
Everton CB Michael Keane
51%
Nottingham Forest AM Morgan Gibbs-White
51%
Como AM Nicolás Paz
51%
Lens FW Rayan Fofana
51%
Stade Rennais CM Seko Fofana
51%
Milan CM Youssouf Fofana
51%
Lyon CB Clinton Mata
49%
Tottenham LB Djed Spence
49%
Nottingham Forest DM Elliot Anderson
49%
Newcastle United LW Harvey Barnes
49%
Napoli CB Juan Jesus
49%
Borussia Dortmund FW Karim Adeyemi
49%
Burnley CB Kyle Walker
49%
Brighton CB Lewis Dunk
49%
Burnley GK Martin Dúbravka
49%
Juventus GK Michele Di Gregorio
49%
Aston Villa LW Morgan Rogers
49%
Fulham DM Saša Lukić
49%
Monaco AM Takumi Minamino
49%
Brentford FW Thiago
49%
Borussia Dortmund CB Waldemar Anton
49%
Leeds United LW Wilfried Gnonto
49%
Brighton RW Yankuba Minteh
49%
Bournemouth RM Antoine Semenyo
48%
Nottingham Forest LW Callum Hudson-Odoi
48%
Brentford GK Caoimhín Kelleher
48%
Atlético Madrid CB Dávid Hancko
48%
Roma FW Evan Ferguson
48%
Juventus CB Lloyd Kelly
48%
Crystal Palace CB Maxence Lacroix
48%
West Ham CB Nayef Aguerd
48%
Leeds United CB Pascal Struijk
48%
Newcastle United LB Valentino Livramento
48%
Marseille CM Adrien Rabiot
46%
Atalanta AM Charles De Ketelaere
46%
Crystal Palace CB Chris Richards
46%
Bournemouth GK Đorđe Petrović
46%
Nottingham Forest DM Ibrahim Sangaré
46%
Chelsea LW Jamie Gittens
46%
Wolverhampton FW Jørgen Strand Larsen
46%
Nottingham Forest RB Ola Aina
46%
Atlético Madrid CB Robin Le Normand
46%
TSG Hoffenheim LM Andrej Kramarić
44%
Osasuna FW Ante Budimir
44%
Nottingham Forest RW Dan Ndoye
44%
Bournemouth FW Evanilson
44%
Juventus CB Federico Gatti
44%
Marseille GK Gerónimo Rulli
44%
Fulham RB Kenny Tete
44%
Atalanta CM Mario Pašalić
44%
Crystal Palace WB Tyrick Mitchell
44%
Mallorca FW Vedat Muriqi
44%
Bournemouth LB Adrien Truffert
43%
Real Madrid LB Álvaro Carreras
43%
Napoli CB Amir Rrahmani
43%
Atalanta CB Berat Djimsiti
43%
Brighton DM Carlos Baleba
43%
Eintracht Frankfurt DM Hugo Larsson
43%
Valencia LB José Luis Gayà
43%
Paris Saint-Germain CB Lucas Beraldo
43%
Bournemouth CB Marcos Senesi
43%
Wolverhampton CB Matt Doherty
43%
Juventus WB Pierre Kalulu
43%
SC Freiburg LW Vincenzo Grifo
43%
Real Sociedad GK Álex Remiro
41%
Juventus WB Andrea Cambiaso
41%
Metz CM Boubacar Traoré
41%
Fulham LB Calvin Bassey
41%
Sevilla RM Dodi Lukebakio
41%
Napoli LB Mathías Olivera
41%
Napoli RM Matteo Politano
41%
Brighton LB Maxim De Cuyper
41%
Brentford CB Nathan Collins
41%
Bologna DM Remo Freuler
41%
RB Leipzig RM Xaver Schlager
41%
Sevilla CM Djibril Sow
39%
Brighton FW Georginio Rutter
39%
West Ham CB Jean-Clair Todibo
39%
Eintracht Frankfurt CB Nnamdi Collins
39%
Fulham DM Sander Berge
39%
Brighton DM Yasin Ayari
39%
West Ham WB Aaron Wan-Bissaka
38%
Tottenham CM Archie Gray
38%
Borussia Dortmund WB Daniel Svensson
38%
Athletic Bilbao CB Daniel Vivian
38%
Fiorentina GK David de Gea
38%
Sassuolo RW Domenico Berardi
38%
Leeds United CM Ethan Ampadu
38%
West Ham CM James Ward-Prowse
38%
Wolverhampton LW Jean-Ricner Bellegarde
38%
Burnley FW Lyle Foster
38%
West Ham GK Mads Hermansen
38%
Aston Villa GK Marco Bizot
38%
Lazio RM Mattéo Guendouzi
38%
Roma GK Mile Svilar
38%
Bayer Leverkusen AM Nathan Tella
38%
Roma CB Obite N'Dicka
38%
Fiorentina AM Albert Guðmundsson
36%
Wolverhampton CM André
36%
Leeds United LM Anton Stach
36%
Lille DM Benjamin André
36%
Bournemouth LM David Brooks
36%
Leeds United LB Gabriel Gudmundsson
36%
Atalanta FW Gianluca Scamacca
36%
Atalanta CB Isak Hien
36%
Everton RB Jake O'Brien
36%
RB Leipzig RW Johan Bakayoko
36%
Leeds United GK Lucas Perri
36%
Eintracht Frankfurt RW Ritsu Doan
36%
Borussia Dortmund WB Yan Couto
36%
Leeds United RM Ao Tanaka
34%
Real Sociedad AM Brais Méndez
34%
Monaco CB Eric Dier
34%
Villarreal FW Gerard Moreno
34%
Everton LB James Garner
34%
Villarreal CB Juan Foyth
34%
Roma CM Manu Koné
34%
West Ham CB Max Kilman
34%
Villarreal RM Nicolas Pépé
34%
Tottenham RM Pape Matar Sarr
34%
Marseille DM Pierre Højbjerg
34%
Sunderland LB Reinildo Mandava
34%
Bayer Leverkusen CM Robert Andrich
34%
Sunderland LW Simon Adingra
34%
Crystal Palace CM Will Hughes
34%
Milan WB Alexis Saelemaekers
33%
TSG Hoffenheim LW Bazoumana Touré
33%
Everton RW Carlos Alcaraz
33%
Girona LB Daley Blind
33%
Monaco DM Denis Zakaria
33%
Brentford LW Fabio Carvalho
33%
Roma CB Gianluca Mancini
33%
Burnley RM Hannibal Mejbri
33%
Pisa WB Idrissa Touré
33%
Sassuolo RM Ismaël Koné
33%
Leeds United CB Joe Rodon
33%
Nice CB Juma Bah
33%
FC Augsburg CB Keven Schlotterbeck
33%
Brentford DM Mathias Jensen
33%
Sevilla DM Nemanja Gudelj
33%
Sevilla GK Ørjan Nyland
33%
Lille RB Ousmane Toure
33%
Girona GK Paulo Gazzaniga
33%
Fiorentina WB Robin Gosens
33%
Paris Saint-Germain RB Warren Zaïre-Emery
33%
Roma WB Wesley
33%
Roma CM Bryan Cristante
31%
VfB Stuttgart AM Deniz Undav
31%
VfB Stuttgart FW Ermedin Demirović
31%
Eintracht Frankfurt FW Jonathan Burkardt
31%
Marseille LW Jon Rowe
31%
Burnley CM Josh Cullen
31%
Everton AM Kiernan Dewsbury-Hall
31%
Bournemouth CM Marcus Tavernier
31%
Atlético Madrid LB Matteo Ruggeri
31%
TSG Hoffenheim GK Oliver Baumann
31%
VfB Stuttgart GK Alexander Nübel
30%
Atlético Madrid AM Alex Baena
30%
Bournemouth CM Alex Scott
30%
Lens CM Andy Diouf
30%
Nice CB Antoine Mendy
30%
Eintracht Frankfurt LB Arthur Theate
30%
Bournemouth CB Bafodé Diakité
30%
Lorient CB Formose Mendy
30%
Sunderland RM Habib Diarra
30%
Leeds United FW Joël Piroe
30%
Marseille CB Leonardo Balerdi
30%
VfL Wolfsburg AM Lovro Majer
30%
Bologna GK Łukasz Skorupski
30%
Monaco RW Maghnes Akliouche
30%
Burnley CB Maxime Estève
30%
Atalanta WB Nicola Zalewski
30%
Brentford CB Sepp van den Berg
30%
Osasuna GK Sergio Herrera
30%
Lazio FW Valentín Castellanos
30%
Girona RM Yangel Herrera
30%
Nice GK Yehvann Diouf
30%
Roma WB Angeliño
28%
VfB Stuttgart DM Angelo Stiller
28%
Nantes GK Anthony Lopes
28%
Bologna FW Ciro Immobile
28%
Lazio GK Ivan Provedel
28%
Burnley LM Jaidon Anthony
28%
Atlético Madrid DM Johnny Cardoso
28%
Brentford RW Keane Lewis-Potter
28%
Roma CB Mario Hermoso
28%
FC Augsburg RM Marius Wolf
28%
Milan CB Matteo Gabbia
28%
Brighton AM Matt O'Riley
28%
Borussia Dortmund CM Pascal Groß
28%
Eintracht Frankfurt RB Rasmus Kristensen
28%
Bologna RW Riccardo Orsolini
28%
Eintracht Frankfurt CB Robin Koch
28%
Udinese CB Thomas Kristensen
28%
Union Berlin GK Frederik Rønnow
26%
Atalanta CB Giorgio Scalvini
26%
Everton DM Idrissa Gana Gueye
26%
Leeds United RB Jayden Bogle
26%
Monaco DM Lamine Camara
26%
Villarreal GK Luiz Lúcio Reis Júnior
26%
Roma AM Matìas Soulé
26%
VfB Stuttgart LB Maximilian Mittelstädt
26%
Monaco FW Mika Biereth
26%
Angers CB Ousmane Camara
26%
SC Freiburg AM Yuito Suzuki
26%
Parma GK Zion Suzuki
26%
Marseille FW Amine Gouiri
25%
Monaco LB Caio Henrique Oliveira Silva
25%
SC Freiburg LB Christian Günter
25%
Lyon AM Corentin Tolisso
25%
Sunderland CB Daniel Ballard
25%
Strasbourg FW Emanuel Emegha
25%
Wolverhampton CB Emmanuel Agbadou
25%
Cagliari RB Gabriele Zappa
25%
Real Betis AM Giovani Lo Celso
25%
Rayo Vallecano RW Isaac Palazón Camacho
25%
Chelsea CB Joshua Acheampong
25%
VfL Wolfsburg GK Kamil Grabara
25%
Atalanta GK Marco Carnesecchi
25%
Wolverhampton RW Marshall Munetsi
25%
Brighton RB Mats Wieffer
25%
Lazio LW Mattia Zaccagni
25%
Nantes FW Mostafa Mohamed
25%
RB Leipzig CM Nicolas Seiwald
25%
Brentford LB Rico Henry
25%
Sunderland GK Robin Roefs
25%
Mallorca RW Takuma Asano
25%
RB Leipzig LW Yan Diomandé
25%
Brentford DM Yehor Yarmoliuk
25%
Athletic Bilbao AM Álex Berenguer
23%
Real Sociedad CB Duje Ćaleta-Car
23%
Burnley CB Hjalmar Ekdal
23%
Real Sociedad CB Igor Zubeldia
23%
Celta de Vigo GK Ionuț Radu
23%
Bologna CB Jhon Lucumí
23%
Fulham CB Jorge Cuenca
23%
Fulham AM Joshua King
23%
Wolverhampton RM Ki-Jana Hoever
23%
Lazio CB Mario Gila
23%
Pisa CM Marius Marin
23%
SC Freiburg CB Matthias Ginter
23%
VfB Stuttgart RW Nick Woltemade
23%
Lazio LB Nuno Tavares
23%
Real Sociedad DM Pablo Marín
23%
Rayo Vallecano DM Pathé Ciss
23%
Inter CM Petar Sucic
23%
Villarreal CB Rafa Marín
23%
Nice FW Terem Moffi
23%
TSG Hoffenheim RB Vladimír Coufal
23%
Stade Rennais GK Brice Samba
21%
Sunderland RW Chemsdine Talbi
21%
Getafe FW Christantus Uche
21%
Getafe CB Djené
21%
Fiorentina WB Dodô
21%
Eintracht Frankfurt DM Fares Chaïbi
21%
Valencia FW Hugo Duro
21%
Monaco RB Jordan Teze
21%
Parma CM Mandela Keita
21%
Brentford RB Michael Kayode
21%
Lorient CB Montassar Talbi
21%
Borussia Mönchengladbach CB Nico Elvedi
21%
VfL Wolfsburg LW Patrick Wimmer
21%
RB Leipzig RB Ridle Baku
21%
Werder Bremen AM Romano Schmid
21%
Metz CB Sadibou Sané
21%
Roma AM Stephan El Shaarawy
21%
Union Berlin CM András Schäfer
20%
Rayo Vallecano RB Andrei Ratiu
20%
Eintracht Frankfurt AM Can Uzun
20%
Sunderland FW Eliezer Mayenda
20%
Borussia Dortmund CB Filippo Mane
20%
Getafe CB Iglesias
20%
Celta de Vigo CM Ilaix Moriba
20%
Eintracht Frankfurt LW Jean Mattéo Bahoya
20%
Udinese FW Keinan Davis
20%
Girona CB Ladislav Krejčí
20%
Napoli FW Lorenzo Lucca
20%
Fiorentina CB Marin Pongračić
20%
Athletic Bilbao FW Maroan Sannadi
20%
Real Betis CB Natan
20%
Espanyol DM Pol Lozano
20%
Union Berlin LB Robert Skov
20%
Real Betis LW Rodrigo Riquelme
20%
Athletic Bilbao LB Yuri Berchiche
20%
Como FW Anastasios Douvikas
18%
Real Sociedad LW Ander Barrenetxea
18%
Union Berlin FW Andrej Ilic
18%
Lille AM Hákon Arnar Haraldsson
18%
Borussia Mönchengladbach RB Joe Scally
18%
Mallorca LB Johan Mojica
18%
Lecce RW Lameck Banda
18%
Real Oviedo CM Luka Ilić
18%
Como CB Marc-Oliver Kempf
18%
Espanyol GK Marko Dmitrović
18%
Lyon CB Moussa Niakhate
18%
FSV Mainz 05 CM Nadiem Amiri
18%
Torino LW Nikola Vlašić
18%
SC Freiburg GK Noah Atubolu
18%
Elche RB Núñez
18%
Lille FW Olivier Giroud
18%
Celta de Vigo RM Óscar Mingueza
18%
Everton DM Tim Iroegbunam
18%
Lyon DM Tyler Morton
18%
Hellas Verona CB Unai Núñez
18%
Villarreal LM Yeremi Pino
18%
Athletic Bilbao CB Aitor Paredes
16%
Bayer Leverkusen WB Arthur
16%
VfB Stuttgart DM Atakan Karazor
16%
Bologna LB Charalampos Lykogiannis
16%
TSG Hoffenheim RW Fisnik Asllani
16%
Real Betis RB Héctor Bellerín
16%
1.FC Köln AM Jakub Kamiński
16%
Valencia CM Javier Guerra
16%
Nice WB Jonathan Clauss
16%
Lazio RB Manuel Lazzari
16%
Real Betis CB Marc Bartra
16%
SC Freiburg CB Philipp Lienhart
16%
Real Oviedo FW Salomón Rondón
16%
Werder Bremen LW Samuel Mbangula
16%
Atlético Madrid LW Thiago Almada
16%
Sunderland RB Trai Hume
16%
Girona CM Viktor Tsyhankov
16%
Girona LW Yaser Asprilla
16%
Lyon RW Ainsley Maitland-Niles
15%
Real Betis RW Aitor Ruibal
15%
Girona FW Bojan Miovski
15%
1.FC Heidenheim FW Budu Zivzivadze
15%
Union Berlin CB Danilho Doekhi
15%
Getafe GK David Soria
15%
Lens WB Deiver Machado
15%
Rayo Vallecano CB Florian Lejeune
15%
Borussia Mönchengladbach RW Franck Honorat
15%
Toulouse GK Guillaume Restes
15%
Borussia Mönchengladbach FW Haris Tabakovic
15%
Bayer Leverkusen AM Ibrahim Maza
15%
Udinese FW Iker Bravo
15%
Brighton CB Jan Paul van Hecke
15%
Como GK Jean Butez
15%
Como DM Máximo Perrone
15%
Athletic Bilbao DM Mikel Jauregizar
15%
Fiorentina DM Nicolò Fagioli
15%
Burnley RB Oliver Sonne
15%
Stade Rennais LB Quentin Merlin
15%
Burnley LB Quilindschy Hartman
15%
Celta de Vigo LW Williot Swedberg
15%
Como LB Álex Valle
13%
VfL Wolfsburg RW Andreas Skov Olsen
13%
Brentford AM Antoni Milambo
13%
Mallorca CB Antonio Raillo
13%
Toulouse CB Charlie Cresswell
13%
Union Berlin RB Christopher Trimmel
13%
Marseille RB CJ Egan-Riley
13%
St. Pauli AM Danel Sinani
13%
Valencia RB Dimitri Foulquier
13%
West Ham WB El Hadji Diouf
13%
FC Augsburg GK Finn Dahmen
13%
Lazio LM Fisayo Dele-Bashiru
13%
Torino GK Franco Israel
13%
Strasbourg LB Guimissongui Ouattara
13%
Union Berlin FW Ilyas Ansah
13%
VfB Stuttgart LW Jamie Leweling
13%
Real Sociedad RB Jon Aramburu
13%
Lecce RM Lassana Coulibaly
13%
Mallorca GK Leo Román
13%
Fiorentina CB Luca Ranieri
13%
SC Freiburg FW Lucas Höler
13%
Werder Bremen CB Marco Friedl
13%
Werder Bremen FW Marco Grüll
13%
Celta de Vigo CB Marcos Alonso
13%
Parma FW Mateo Pellegrino
13%
SC Freiburg DM Maximilian Eggestein
13%
Eintracht Frankfurt GK Michael Zetterer
13%
Werder Bremen GK Mio Backhaus
13%
Borussia Mönchengladbach GK Moritz Nicolas
13%
Sunderland LM Noah Sadiki
13%
Real Betis DM Pablo Fornals
13%
Fiorentina CB Pietro Comuzzo
13%
Atalanta WB Raoul Bellanova
13%
Torino CB Saúl Coco
13%
Werder Bremen DM Senne Lynen
13%
Lyon DM Tanner Tessmann
13%
Real Oviedo DM Alberto Reina
11%
Parma CB Alessandro Circati
11%
Alavés RM Carlos Vicente
11%
Torino LB Cristiano Biraghi
11%
Atalanta AM Daniel Maldini
11%
1.FC Heidenheim GK Diant Ramaj
11%
FC Augsburg LM Dimitris Giannoulis
11%
Cremonese GK Emil Audero
11%
Parma CB Enrico Del Prato
11%
Lille RW Félix Correia
11%
Le Havre FW Issa Soumaré
11%
Como CB Jacobo Ramón
11%
Genoa CB Johan Vásquez
11%
Rayo Vallecano FW Jorge de Frutos
11%
VfB Stuttgart CB Julian Chabot
11%
VfL Wolfsburg CB Konstantinos Koulierakis
11%
Werder Bremen DM Leonardo Bittencourt
11%
Como DM Lucas Da Cunha
11%
Stade Brest FW Ludovic Ajorque
11%
Getafe CM Luis Milla
11%
Mallorca CB Martin Valjent
11%
Getafe CM Mauro Arambarri
11%
Pisa CM Michel Aebischer
11%
Lorient FW Mohamed Bamba
11%
St. Pauli GK Nikola Vasilj
11%
Stade Rennais RB Przemysław Frankowski
11%
Hamburger SV FW Ransford Königsdörffer
11%
Borussia Mönchengladbach DM Rocco Reitz
11%
Villarreal RB Santiago Mouriño
11%
Torino RB Valentino Lazaro
11%
Lecce CM Ylber Ramadani
11%
Lille CB Alexsandro Ribeiro
10%
Sassuolo FW Andrea Pinamonti
10%
Sassuolo LW Armand Lauriente
10%
Rayo Vallecano GK Augusto Batalla
10%
TSG Hoffenheim LB Bernardo
10%
Fiorentina AM Cher Ndour
10%
Torino RW Cyril Ngonge
10%
Elche CB David Affengruber
10%
Wolverhampton LM David Møller Wolfe
10%
Auxerre GK Donovan Léon
10%
Torino LM Gvidas Gineitis
10%
Como RB Ignace Van Der Brempt
10%
Bologna AM Jens Odgaard
10%
Levante RB Jeremy Toljan
10%
Girona LB Joel Roca
10%
Metz GK Jonathan Fischer
10%
Alavés RB Jonny Castro
10%
VfB Stuttgart RB Josha Vagnoman
10%
Sassuolo LB Josh Doig
10%
Werder Bremen RW Justin Njinmah
10%
VfL Wolfsburg RB Kilian Fischer
10%
Parma CB Lautaro Valenti
10%
Lazio RW Matteo Cancellieri
10%
Como RW Mërgim Vojvoda
10%
FC Augsburg FW Mert Kömür
10%
Genoa DM Morten Frendrup
10%
Stade Rennais FW Musa Al-Taamari
10%
Genoa AM Nicolae Stanciu
10%
Bologna LW Nicolò Cambiaghi
10%
Werder Bremen CB Niklas Stark
10%
Alavés CM Pablo Ibáñez
10%
Stade Brest CM Pierre Lees-Melou
10%
Stade Brest RW Romain Del Castillo
10%
Villarreal CM Santi Comesaña
10%
Cagliari AM Sebastiano Esposito
10%
Real Betis DM Sergi Altimira
10%
Stade Rennais CM Valentin Rongier
10%
Hellas Verona CB Victor Nelsson
10%
Lecce GK Wladimiro Falcone
10%
St. Pauli CB Adam Dźwigała
8%
Parma CM Adrian Bernabe
8%
Lens CM Adrien Thomasson
8%
Osasuna AM Aimar Oroz
8%
FSV Mainz 05 CB Andreas Hanche-Olsen
8%
St. Pauli WB Arkadiusz Pyrka
8%
Osasuna CB Catena
8%
Valencia CB Copete
8%
Lazio CM Danilo Cataldi
8%
Cagliari GK Elia Caprile
8%
FC Augsburg LW Elias Saad
8%
Angers FW Esteban Lepaul
8%
Borussia Mönchengladbach CB Fabio Chiarodia
8%
Cremonese CB Federico Baschirotto
8%
Cremonese FW Federico Bonazzoli
8%
Celta de Vigo FW Ferran Jutglà
8%
Nice CM Hicham Boudaoui
8%
Paris Saint-Germain RW Ibrahim Mbaye
8%
Real Oviedo CM Ilyas Chaira
8%
Athletic Bilbao DM Iñigo Ruiz de Galarreta
8%
St. Pauli CM James Sands
8%
FC Augsburg CB Jeffrey Gouweleeuw
8%
Udinese CM Jesper Karlström
8%
Athletic Bilbao RB Jesús Areso
8%
Girona CM Jhon Solis
8%
St. Pauli CM Joel Fujita
8%
SC Freiburg DM Johan Manzambi
8%
Udinese WB Jordan Zemura
8%
Valencia GK Julen Agirrezabala
8%
Werder Bremen RB Julián Malatini
8%
FSV Mainz 05 CM Kaishu Sano
8%
Stade Brest RB Kenny Lala
8%
Borussia Mönchengladbach AM Kevin Stöger
8%
Sevilla CB Kike Salas
8%
FC Augsburg RW Kristijan Jakić
8%
Union Berlin CB Leopold Querfeld
8%
1.FC Heidenheim LW Léo Scienza
8%
Bologna RB Lorenzo De Silvestri
8%
Rayo Vallecano CB Luiz Felipe
8%
1.FC Heidenheim WB Marnon Busch
8%
1.FC Köln GK Marvin Schwäbe
8%
Celta de Vigo LM Mihailo Ristić
8%
VfL Wolfsburg CB Moritz Jenz
8%
Hamburger SV CM Nicolás Capaldo
8%
1.FC Heidenheim CB Patrick Mainka
8%
Rayo Vallecano LB Pep Chavarría
8%
FSV Mainz 05 WB Phillipp Mwene
8%
Stade Brest GK Radosław Majecki
8%
Union Berlin CM Rani Khedira
8%
Udinese GK Razvan Sava
8%
Lyon GK Rémy Descamps
8%
Borussia Mönchengladbach LW Robin Hack
8%
FSV Mainz 05 GK Robin Zentner
8%
Udinese CM Sandi Lovrić
8%
Villarreal LB Sergi Cardona
8%
Mallorca LW Sergi Darder
8%
Fiorentina DM Simon Sohm
8%
Lecce LW Tete Morente
8%
Bologna DM Tommaso Pobega
8%
Union Berlin CB Tom Rothe
8%
Osasuna WB Valentin Rosier
8%
Real Oviedo GK Aarón Escandell
7%
Lyon LB Abner
7%
Levante CB Adrián de la Fuente
7%
Pisa GK Adrian Šemper
7%
Alavés DM Antonio Blanco
7%
Alavés GK Antonio Sivera
7%
Real Sociedad DM Beñat Turrientes
7%
FSV Mainz 05 FW Benedict Hollerbach
7%
Genoa RB Brooke Norton-Cuffy
7%
Alavés LM Carles Aleñá
7%
FC Augsburg CB Chrislain Matsima
7%
Monaco CB Christian Mawissa
7%
Hamburger SV CB Daniel Elfadli
7%
Lecce RB Danilo Veiga
7%
Cremonese FW David Okereke
7%
Toulouse CB Djibril Sidibé
7%
Hellas Verona WB Domagoj Bradarić
7%
VfL Wolfsburg FW Dženan Pejčinović
7%
Osasuna CB Enzo Boyomo
7%
Stade Rennais CM Fabian Rieder
7%
Alavés CB Facundo Garcés
7%
Cremonese WB Giuseppe Pezzella
7%
Real Oviedo RW Haissem Hassan
7%
St. Pauli CB Hauke Wahl
7%
Pisa FW Henrik Meister
7%
Angers GK Hervé Koffi
7%
Union Berlin CM Janik Haberer
7%
Cremonese CM Jari Vandeputte
7%
Espanyol LW Javi Puado
7%
Sunderland CB Jenson Seelt
7%
Strasbourg FW Joaquín Panichelli
7%
Nantes CM Johann Lepenant
7%
Levante CB Jorge Cabello
7%
Burnley CM Josh Laurent
7%
TSG Hoffenheim CB Koki Machida
7%
1.FC Köln WB Kristoffer Lund
7%
Genoa FW Lorenzo Colombo
7%
Hellas Verona GK Lorenzo Montipò
7%
Osasuna CM Lucas Torró
7%
Valencia RM Luis Rioja
7%
SC Freiburg RB Lukas Kübler
7%
St. Pauli FW Mathias Pereira Lage
7%
Pisa AM Mattéo Tramoni
7%
Le Havre GK Mory Diaw
7%
Real Oviedo RB Nacho Vidal
7%
Lille DM Ngal'Ayel Mukau
7%
Espanyol RB Omar El Hilali
7%
Udinese CB Oumar Solet
7%
FSV Mainz 05 AM Paul Nebel
7%
Borussia Mönchengladbach DM Philipp Sander
7%
Parma AM Pontus Almqvist
7%
TSG Hoffenheim CB Robin Hranáč
7%
Lille LB Romain Perraud
7%
Cagliari CB Sebastiano Luperto
7%
Sassuolo RB Sebastian Walukiewicz
7%
Sevilla LM Stanis Idumbo
7%
Sassuolo GK Stefano Turati
7%
Sassuolo CB Tarik Muharemovic
7%
Hamburger SV CB Warmed Omari
7%
TSG Hoffenheim RM Wouter Burger
7%
VfL Wolfsburg LB Aaron Zehnter
5%
Torino CB Adam Masina
5%
Cagliari LB Adam Obert
5%
Getafe FW Adrián Liso
5%
Genoa LW Albert Grønbaek
5%
Elche RM Aleix Febas
5%
Cagliari LM Alessandro Deiola
5%
Hamburger SV LW Alexander Røssing-Lelesiit
5%
FSV Mainz 05 WB Anthony Caci
5%
1.FC Heidenheim AM Arijon Ibrahimović
5%
Udinese CM Arthur Atta
5%
Nice AM Badredine Bouanani
5%
1.FC Heidenheim CM Benedikt Gimber
5%
Stade Brest LB Bradley Locko
5%
Sevilla LB Carmona
5%
Torino RM Cesare Casadei
5%
Valencia CB César Tárrega
5%
Real Oviedo CB Dani Calvo
5%
Sassuolo LM Daniel Boloca
5%
Valencia FW Dani Raba
5%
FSV Mainz 05 CB Danny da Costa
5%
Getafe CB Diego Rico
5%
FSV Mainz 05 CB Dominik Kohr
5%
Torino CM Emirhan İlkhan
5%
Cremonese CB Filippo Terracciano
5%
Celta de Vigo CM Fran Beltrán
5%
Lecce FW Francesco Camarda
5%
Toulouse FW Frank Magri
5%
Cagliari FW Gennaro Borrelli
5%
Hamburger SV RM Giorgi Gocholeishvili
5%
Hellas Verona FW Giovane
5%
Nice AM Isak Jansson
5%
Getafe RB Ismael Bekhoucha
5%
1.FC Heidenheim CM Jan Schöppner
5%
Paris FW Jean-Philippe Krasso
5%
1.FC Köln CB Joël Schmied
5%
Alavés CM Jon Guridi
5%
Stade Brest CB Julien Le Cardinal
5%
Auxerre FW Lassine Sinayoko
5%
Sevilla CM Lucien Agoume
5%
Borussia Mönchengladbach LB Lukas Ullrich
5%
Mallorca DM Manu Morlanes
5%
Toulouse CB Mark McKenzie
5%
Mallorca RB Mateu Morey
5%
Lecce LM Medon Berisha
5%
Nice WB Melvin Bard
5%
Cagliari FW Michael Folorunsho
5%
Cremonese CM Michele Collocolo
5%
Strasbourg GK Mike Penders
5%
Lens AM Morgan Guilavogui
5%
Alavés CB Nahuel Tenaglia
5%
Lille CB Nathan Ngoy
5%
Hamburger SV CM Nicolai Remberg
5%
Genoa GK Nicola Leali
5%
Levante CM Oriol Rey
5%
Levante GK Pablo Cuñat
5%
Elche CB Pedro Bigas
5%
Lens WB Ruben Aguilar
5%
Lyon RB Sael Kumbedi
5%
Lens CB Samson Baidoo
5%
Pisa WB Samuele Angori
5%
TSG Hoffenheim FW Tim Lemperle
5%
1.FC Köln CB Timo Hübers
5%
1.FC Heidenheim CB Tim Siersleben
5%
1.FC Köln CB Tom Krauß
5%
Celta de Vigo CB Yoel Lago
5%
Stade Rennais CB Abdelhamid Ait Boudlal
3%
Cremonese CM Alberto Grassi
3%
Cremonese WB Alessio Zerbin
3%
St. Pauli FW Andreas Hountondji
3%
Lecce LB Antonino Gallo
3%
Pisa CB Antonio Caracciolo
3%
Toulouse RM Aron Dønnum
3%
Le Havre CB Ayumu Seko
3%
Metz CM Benjamin Stambouli
3%
Lille GK Berke Özer
3%
Stade Brest CB Brendan Chardonnet
3%
Angers CB Carlens Arcus
3%
Sevilla CB Castrin
3%
Hellas Verona CM Cheikh Tidiane Niasse
3%
Nantes CB Chidozie Awaziem
3%
Parma AM Christian Ordoñez
3%
Pisa CB Daniel Denoon
3%
Getafe LB Davinchi
3%
Espanyol DM Edu Expósito
3%
Parma WB Emanuele Valeri
3%
Hamburger SV RW Emir Sahiti
3%
SC Freiburg RW Eren Dinkçi
3%
1.FC Köln CM Eric Martel
3%
Strasbourg CM Félix Lemaréchal
3%
Espanyol CB Fernando Calero
3%
Sassuolo CB Filippo Romagna
3%
Le Havre CB Gautier Lloris
3%
Elche RW Germán Valera
3%
Auxerre LB Gideon Mensah
3%
FC Augsburg CM Han-Noah Massengo
3%
Paris RM Ilan Kebbal
3%
1.FC Köln CM Ísak Jóhannesson
3%
1.FC Köln AM Jan Thielmann
3%
Stade Rennais CB Jérémy Jacquet
3%
1.FC Heidenheim WB Jonas Föhrenbach
3%
Osasuna CM Jon Moncayola
3%
Hamburger SV CB Jordan Torunarigha
3%
Osasuna CB Juan Cruz Armada
3%
Villarreal FW Karl Etta
3%
Nantes RB Kelvin Amian
3%
Udinese WB Kingsley Ehizibue
3%
Real Oviedo CM Kwasi Sibo
3%
Nantes DM Kwon Hyeokkyu
3%
Lorient CM Laurent Abergel
3%
Espanyol CB Leandro Cabrera
3%
TSG Hoffenheim CM Leon Avdullahu
3%
Nantes CM Louis Leroux
3%
St. Pauli WB Louis Oppie
3%
VfB Stuttgart CB Luca Jaquez
3%
Sassuolo CM Luca Lipani
3%
Elche CM Marc Aguado
3%
Lille RW Marius Broholm
3%
1.FC Köln FW Marius Bülter
3%
Elche GK Matías Dituro
3%
Cremonese CB Matteo Bianchetti
3%
Cagliari CM Matteo Prati
3%
Lens CB Matthieu Udol
3%
Cagliari RM Michel Ndary Adopo
3%
Hamburger SV LM Miro Muheim
3%
Stade Rennais FW Mohamed Meité
3%
Nantes LB Nicolas Cozza
3%
Udinese CB Nicolò Bertola
3%
Bologna CB Nicolò Casale
3%
1.FC Heidenheim CM Niklas Dorsch
3%
Real Oviedo CB Oier Luengo
3%
Lazio CB Oliver Nielsen
3%
Lorient LW Pablo Pagis
3%
Genoa DM Patrizio Masini
3%
FC Augsburg CM Robin Fellhauer
3%
Elche LW Rodrigo Mendoza
3%
1.FC Köln WB Sebastian Sebulonsen
3%
Pisa CB Simone Canestrelli
3%
Pisa AM Stefano Moreo
3%
Hellas Verona CM Suat Serdar
3%
Levante CB Unai Elgezabal
3%
Genoa RW Valentin Carboni
3%
Alavés LB Victor Parada
3%
VfL Wolfsburg DM Vinicius Souza
3%
Lens AM Wesley Saïd
3%
Osasuna WB Abel
2%
Genoa CB Alessandro Marcandalli
2%
Elche LM Ali Houary
2%
Hellas Verona CM Antoine Bernede
2%
Lorient LM Arsène Kouassi
2%
Levante LM Brugui
2%
Auxerre CB Clément Akpa
2%
Auxerre CM Elisha Owusu
2%
Le Havre DM Etienne Youte Kinkoue
2%
Hellas Verona WB Fallou Cham
2%
Auxerre CB Gabriel Osho
2%
Angers CM Haris Belkebla
2%
Stade Brest LM Hugo Magnetti
2%
Toulouse CM Jaydee Canvot
2%
Metz CB Jean-Philippe Gbamin
2%
Lorient RM Joel Mvuka
2%
Espanyol RW Jofre
2%
Angers CB Jordan Lefort
2%
Stade Brest RM Kamory Doumbia
2%
Lecce CB Kialonda
2%
Elche LB Léo Pétrot
2%
Paris CM Lohann Doucet
2%
Angers AM Louis Mouton
2%
Strasbourg CB Lucas Høgsberg
2%
Hellas Verona CB Martin Frese
2%
Parma WB Mathias Løvik
2%
Espanyol AM Ramón Terrats
2%
Lens GK Robin Risser
2%
Paris RB Samir Chergui
2%
Toulouse LW Yann Gboho
2%
Stade Rennais CB Anthony Rouault
0%
Le Havre RB Arouna Sangante
0%
Lorient CM Arthur Avom Ebong
0%
Metz FW Brian Madjo
0%
Metz FW Cheikh Tidiane Sabaly
0%
Toulouse LM Dayann Methalie
0%
Angers WB Florent Hanin
0%
Auxerre CB Francisco Sierralta
0%
Metz LB Heorhii Tsitaishvili
0%
Auxerre LM Ibrahim Osman
0%
Metz CM Jessy Deminguet
0%
Auxerre RM Josué Casimir
0%
Strasbourg CB Junior Mwanga
0%
Auxerre CM Kévin Danois
0%
Metz RB Koffi Kouao
0%
Nice CB Kojo Peprah Oppong
0%
Angers WB Lilian Raolisoa
0%
Toulouse CM Mario Sauer
0%
Auxerre RB Marvin Senaya
0%
Metz CB Michel Mboula
0%
Paris CB Moustapha Mbow
0%
Paris LB Nhoa Sangui
0%
Toulouse RW Noah Edjouma
0%
Paris GK Obed Nkambadio
0%
Paris FW Pierre-Yves Hamel
0%
Real Oviedo LB Rahim Bonkano
0%
Strasbourg CM Samir El Mourabet
0%
Strasbourg RB Samuel Amo-Ameyaw
0%
Angers AM Sidiki Cherif
0%
Le Havre CM Simon Ebonog
0%
Paris CB Timothée Kolodziejczak
0%
Nice CM Tom Louchet
0%
Lorient RW Tosin Aiyegun
0%
Nantes CB Tylel Tati
0%
Le Havre LB Yanis Zouaoui
0%
Angers CM Yassin Belkhdim
0%
Nantes RM Yassine Benhattab
0%
Le Havre LM Yassine Kechta
0%
Le Havre RM Younes Namli
0%
No matching quizzes found
Score Distribution
Percent of People with Each Score
Percentile by Number Answered
Your Score History
You have not taken this quiz